000 00434nam a2200181Ia 4500
001 7222
003 IN-NITTTR
005 20251114233026.0
008 251113s9999||||xx |||||||||||||| ||eng||
040 _beng
040 _cIN-NITTTR
041 _aeng
082 _a604.2 A14E
100 _aAnandkrishnan, M.
245 0 _aEngineering graphics. /
_cAnandkrishnan, M., Siddiqi, R. H.
700 _a Siddiqi, R. H.
942 _2ddc
_cBK
999 _c9860
_d9860